| 000 | 00618nam a2200193Ia 4500 | ||
|---|---|---|---|
| 003 | GCL | ||
| 008 | 140319s9999 xx 000 0 ara d | ||
| 040 |
_aGCL / _cGCL |
||
| 082 | 0 | 4 |
_a001.6424 _bم ب |
| 100 | 1 | _aموسلى , مارشال | |
| 245 | 1 | 0 |
_aالبرنامج Windows 3.0 المرجع السريع / _cموسلى , مارشال |
| 260 |
_a[S.N] : _bالدار العربية للعلوم ، _c1991 |
||
| 300 | _a205 ص | ||
| 490 | _a | ||
| 650 | 0 | 4 | _aالحاسبات الالكترونية |
| 650 | 0 | 4 | _aويندوز |
| 650 | 0 | 4 | _aبرامج الحاسبات الالكترونية |
| 942 |
_2ddc _cBK |
||
| 999 |
_c52652 _d52652 |
||